000 00323nam a2200133Ia 4500
005 20250404071650.0
008 240331s9999 xx 000 0 und d
082 _bSOL
_a894
100 _aSolaikkili,
245 0 _aPaniyil moli eluthi
260 _aCoimbatore
_bVidiyal Pathippagam
_c1996
300 _a107 p .,
942 _cL
999 _c4123
_d4123